| 000 | 00841ntm a22003137a 4500 | ||
|---|---|---|---|
| 005 | 20260213113221.0 | ||
| 008 | 170407b2015 xxu||||| |||| 00| 0 spa d | ||
| 020 | _a9788416115891 | ||
| 041 | _aESP | ||
| 082 | _a658.401.2 C454e | ||
| 100 |
_aChan Kim, W. _942128 |
||
| 245 | _aLa estrategia del océano azul | ||
| 260 | _aEspaña | ||
| 260 | _bProfit editorial | ||
| 260 | _c2015 | ||
| 300 | _a300 páginas | ||
| 650 | _aPLANIFICACIÓN Y ELABORACIÓN DE POLÍTICAS | ||
| 650 | _aMARKETING | ||
| 650 | _aESTRATEGIAS | ||
| 650 | _aADMINISTRACIÓN DE EMPRESAS | ||
| 650 | _aANÁLISIS ESTRATÉGICO | ||
| 650 | _aMERCADEO | ||
| 650 | _aDEMANDA | ||
| 650 | _aBARRERAS ORGANIZACIONALES | ||
| 650 | _aNICHO DE MERCADO | ||
| 650 | _aPLANIFICACIÓN ESTRATÉGICA | ||
| 650 | _aADMINISTRACIÓN DE MERCADEO | ||
| 942 |
_cLIT _2ddc |
||
| 999 |
_c9261 _d9261 |
||